000 00839nam a2200265 a 4500
008
020 _a0070248753 (cased)
049 _aMAIN
090 _aTK7874
100 1 0 _aGrinich, Victor H.
245 1 0 _aIntroduction to integrated circuits /
_cVictor H. Grinich, Horace G. Jackson.
260 0 _aNew York :
_bMcGraw-Hill,
_c1975.
300 _axxxiv, 638 p. :
_bill. ;
_c24 cm.
440 0 _aMcGraw-Hill series on the fundamentals of electronic science.
504 _aIncludes bibliographical references.
500 _aIncludes index.
650 0 _aIntegrated circuits.
650 0 _aElectronic circuit design.
700 1 0 _aJackson, Horace G.
907 _a.b10123702
_b01-06-04
_c31-05-04
003
005 20230123133723.0
040 _cNUST
942 _cBOOKS
_kTK7874
999 _c153475
_d153475